5 Biggest Cities in Each State - Statistics

General Stats
  • This quiz has been taken 18 times
    5 since last reset
  • The average score is 176 of 250
Answer Stats
State Population City % Correct
Ohio 198,051 Akron
100%
New Mexico 559,374 Albuquerque
100%
Alaska 293,531 Anchorage
100%
Georgia 524,067 Atlanta
100%
Georgia 199,614 Augusta
100%
Colorado 369,111 Aurora
100%
Illinois 199,927 Aurora
100%
Texas 950,807 Austin
100%
Louisiana 224,149 Baton Rouge
100%
Alabama 212,297 Birmingham
100%
Idaho 226,115 Boise
100%
Massachusetts 684,379 Boston
100%
Connecticut 145,639 Bridgeport
100%
South Carolina 135,257 Charleston
100%
West Virginia 48,006 Charleston
100%
North Carolina 857,425 Charlotte
100%
Tennessee 179,690 Chattanooga
100%
Virginia 239,982 Chesapeake
100%
Wyoming 63,607 Cheyenne
100%
Illinois 2,709,534 Chicago
100%
Ohio 301,394 Cincinnati
100%
Ohio 385,282 Cleveland
100%
Colorado 464,871 Colorado Springs
100%
Maryland 103,991 Columbia
100%
Missouri 121,230 Columbia
100%
South Carolina 133,273 Columbia
100%
Georgia 198,969 Columbus
100%
Ohio 878,553 Columbus
100%
New Hampshire 43,244 Concord
100%
Texas 1,330,612 Dallas
100%
Colorado 705,576 Denver
100%
Iowa 215,636 Des Moines
100%
Michigan 674,841 Detroit
100%
Delaware 37,523 Dover
100%
New Hampshire 31,577 Dover
100%
North Carolina 269,702 Durham
100%
Rhode Island 47,483 East Providence
100%
North Dakota 121,889 Fargo
100%
Arkansas 85,166 Fayetteville
100%
Michigan 198,401 Grand Rapids
100%
Wisconsin 104,777 Green Bay
100%
Nevada 300,116 Henderson
100%
Texas 2,310,432 Houston
100%
Indiana 874,005 Indianapolis
100%
Iowa 74,950 Iowa City
100%
Mississippi 166,383 Jackson
100%
Florida 890,467 Jacksonville
100%
New Jersey 261,940 Jersey City
100%
Kansas 152,522 Kansas City
100%
Missouri 486,404 Kansas City
100%
Wisconsin 99,688 Kenosha
100%
Nevada 634,773 Las Vegas
100%
Kentucky 320,601 Lexington
100%
Nebraska 283,839 Lincoln
100%
Arkansas 197,958 Little Rock
100%
California 3,966,936 Los Angeles
100%
Kentucky 617,790 Louisville
100%
Tennessee 651,932 Memphis
100%
Arizona 499,720 Mesa
100%
Florida 454,279 Miami
100%
Wisconsin 594,548 Milwaukee
100%
Minnesota 420,324 Minneapolis
100%
Alabama 190,432 Mobile
100%
Alabama 199,783 Montgomery
100%
Tennessee 687,488 Nashville
100%
Delaware 33,448 Newark
100%
New Jersey 281,054 Newark
100%
Connecticut 130,331 New Haven
100%
Louisiana 390,845 New Orleans
100%
New York 8,419,316 New York City
100%
Nevada 241,369 North Las Vegas
100%
Oklahoma 643,692 Oklahoma City
100%
Nebraska 475,862 Omaha
100%
Florida 280,832 Orlando
100%
Kansas 191,011 Overland Park
100%
Pennsylvania 1,579,075 Philadelphia
100%
Arizona 1,633,017 Phoenix
100%
Pennsylvania 302,205 Pittsburgh
100%
Maine 66,595 Portland
100%
Oregon 645,291 Portland
100%
Rhode Island 179,494 Providence
100%
Utah 116,403 Provo
100%
North Carolina 464,485 Raleigh
100%
Nevada 246,500 Reno
100%
Oregon 169,259 Salem
100%
Utah 197,756 Salt Lake City
100%
Texas 1,508,083 San Antonio
100%
California 1,409,573 San Diego
100%
California 874,961 San Francisco
100%
California 1,027,690 San Jose
100%
New Mexico 83,922 Santa Fe
100%
Washington 724,305 Seattle
100%
Louisiana 192,035 Shreveport
100%
Iowa 82,531 Sioux City
100%
South Dakota 177,117 Sioux Falls
100%
Washington 217,353 Spokane
100%
Massachusetts 154,139 Springfield
100%
Missouri 167,051 Springfield
100%
Minnesota 304,547 St. Paul
100%
Washington 212,869 Tacoma
100%
Florida 387,916 Tampa
100%
Ohio 276,614 Toledo
100%
Kansas 126,397 Topeka
100%
Arizona 541,482 Tucson
100%
Oklahoma 402,324 Tulsa
100%
Hawaii 348,985 Urban Honolulu
100%
Virginia 450,201 Virginia Beach
100%
Kansas 389,877 Wichita
100%
Delaware 70,644 Wilmington
100%
North Carolina 244,115 Winston-Salem
100%
Pennsylvania 120,915 Allentown
75%
Virginia 233,464 Arlington
75%
Maryland 609,032 Baltimore
75%
Maine 32,095 Bangor
75%
Nebraska 53,324 Bellevue
75%
Washington 144,403 Bellevue
75%
Montana 109,595 Billings
75%
Mississippi 45,906 Biloxi
75%
North Dakota 72,777 Bismark
75%
Minnesota 85,332 Bloomington
75%
Kentucky 67,600 Bowling Green
75%
Montana 46,746 Bozeman
75%
Vermont 42,545 Burlington
75%
Montana 34,770 Butte-Silver Bow
75%
Iowa 132,301 Cedar Rapids
75%
Iowa 102,169 Davenport
75%
Minnesota 85,915 Duluth
75%
Oregon 168,302 Eugene
75%
Alaska 31,551 Fairbanks
75%
Indiana 265,752 Fort Wayne
75%
Texas 874,401 Fort Worth
75%
California 525,010 Fresno
75%
Mississippi 71,676 Gulfport
75%
Connecticut 123,088 Hartford
75%
Mississippi 46,098 Hattiesburg
75%
Alabama 196,219 Huntsville
75%
Illinois 147,826 Joliet
75%
Alaska 32,227 Juneau
75%
Tennessee 186,173 Knoxville
75%
Louisiana 126,666 Lafayette
75%
New Mexico 102,102 Las Cruces
75%
Massachusetts 111,306 Lowell
75%
Wisconsin 254,977 Madison
75%
New Hampshire 112,109 Manchester
75%
Montana 73,710 Missoula
75%
Virginia 244,601 Norfolk
75%
Virginia 226,622 Richmond
75%
Minnesota 115,557 Rochester
75%
Illinois 147,070 Rockford
75%
Georgia 141,758 Savannah
75%
Arizona 250,602 Scottsdale
75%
Indiana 102,037 South Bend
75%
Missouri 308,174 St. Louis
75%
Florida 261,338 St. Petersburg
75%
Alabama 99,390 Tuscaloosa
75%
Massachusetts 185,143 Worcester
75%
Michigan 120,735 Ann Arbor
50%
Maine 23,187 Auburn
50%
Oklahoma 108,496 Broken Arrow
50%
Massachusetts 116,632 Cambridge
50%
Indiana 97,464 Carmel
50%
Wyoming 58,446 Casper
50%
Arizona 252,692 Chandler
50%
Rhode Island 81,254 Cranston
50%
New Jersey 128,333 Elizabeth
50%
Pennsylvania 97,263 Erie
50%
Indiana 118,588 Evansville
50%
Colorado 165,609 Fort Collins
50%
Arkansas 87,743 Fort Smith
50%
North Dakota 56,500 Grand Forks
50%
North Carolina 291,303 Greensboro
50%
Oregon 110,494 Gresham
50%
New York 767,417 Hempstead
50%
Oregon 106,543 Hillsboro
50%
Hawaii 45,056 Hilo
50%
West Virginia 46,667 Huntington
50%
Idaho 61,459 Idaho Falls
50%
Arkansas 76,036 Jonesboro
50%
Maine 36,095 Lewiston
50%
Idaho 101,905 Meridian
50%
West Virginia 30,712 Morgantown
50%
Idaho 93,952 Nampa
50%
Illinois 147,501 Naperville
50%
New Hampshire 88,815 Nashua
50%
Oklahoma 122,837 Norman
50%
South Carolina 111,501 North Charleston
50%
Kansas 137,618 Olathe
50%
Utah 96,725 Orem
50%
Nevada 235,087 Paradise
50%
New Jersey 145,710 Paterson
50%
Rhode Island 71,844 Pawtucket
50%
Hawaii 45,605 Pearl City
50%
Idaho 55,525 Pocatello
50%
Wisconsin 77,081 Racine
50%
South Dakota 75,258 Rapid City
50%
Pennsylvania 88,232 Reading
50%
New Mexico 96,210 Rio Rancho
50%
Connecticut 129,309 Stamford
50%
Washington 180,556 Vancouver
50%
Rhode Island 80,993 Warwick
50%
Utah 114,138 West Jordan
50%
Utah 136,009 West Valley City
50%
West Virginia 27,062 Wheeling
50%
Delaware 20,850 Bear
25%
South Dakota 24,108 Brookings
25%
Vermont 17,303 Colchester
25%
Hawaii 47,540 East Honolulu
25%
Vermont 21,467 Essex
25%
Maryland 90,582 Germantown
25%
Wyoming 32,857 Gillette
25%
Nebraska 51,147 Grand Island
25%
Montana 58,835 Great Falls
25%
Missouri 117,084 Independence
25%
Colorado 155,146 Lakewood
25%
New Jersey 102,466 Lakewood
25%
Wyoming 32,381 Laramie
25%
Oklahoma 94,017 Lawton
25%
Louisiana 142,135 Metairie
25%
Delaware 21,692 Middletown
25%
South Carolina 86,982 Mount Pleasant
25%
Kentucky 59,536 Owensboro
25%
West Virginia 30,021 Parkersburg
25%
Wyoming 23,319 Rock Springs
25%
New Mexico 47,941 Roswell
25%
Maryland 81,773 Silver Spring
25%
Vermont 19,162 South Burlington
25%
Maine 25,548 South Portland
25%
Michigan 132,476 Sterling Heights
25%
Hawaii 39,469 Waipahu
25%
Maryland 75,489 Waldorf
25%
Michigan 134,797 Warren
25%
Connecticut 108,276 Waterbury
25%
North Dakota 35,397 West Fargo
25%
South Dakota 28,225 Aberdeen
0%
Alaska 18,911 Badger
0%
New York 483,546 Brookhaven
0%
Tennessee 152,934 Clarksville
0%
Kentucky 40,548 Covington
0%
New Hampshire 33,448 Derry
0%
New York 331,499 Islip
0%
Nebraska 33,464 Kearney
0%
Alaska 17,457 Knik-Fairview
0%
Georgia 153,671 Macon County
0%
North Dakota 48,261 Minot
0%
New York 297,822 Oyster Bay
0%
South Carolina 73,334 Rock Hill
0%
Vermont 17,303 Rutland
0%
Mississippi 54,152 Southaven
0%
Arkansas 79,598 Springdale
0%
South Dakota 22,166 Watertown
0%
No matching quizzes found
Score Distribution
Percent of People with Each Score
Percentile by Number Answered
Your Score History
You have not taken this quiz since the last reset